000 00607nam a2200205Ii 4500
001 11408
003 CO-ViMGA
008 241108s9999||||xx |||||||||||||| ||und||
040 _aCO-ViMGA
_bspa
_erda
_cCO-ViMGA
041 0 _aunk
082 0 4 _aC864-A674
100 1 _aGermán Arciniegas
_947266
245 1 0 _aEntre el Mar Rojo y el Mar Muerto
264 1 _a[Lugar de publicación no identificado] : Lealón, 1989
300 _avolumen
336 _atext
_btxt
_2rdacontent
337 _aunmediated
_bn
_2rdamedia
338 _avolume
_bnc
_2rdacarrier
940 _aidficha_siabuc: 11134. -- ficha_no_siabuc:11408
999 _c51946
_d51946